[Event "26.Schlosspark-Open"]
[Site "Wiesbaden-Biebrich"]
[Date "2014.08.31"]
[Round "7.85"]
[White "Börkey, Luis"]
[Black "Held, Gerd"]
[Result "0-1"]
[WhiteElo "1095"]
[BlackElo "1288"]
[PlyCount "118"]
[EventDate "2014.??.??"]
[WhiteTeam "Wiesbadener SV 1885"]
[BlackTeam "SC Groß-Zimmern"]

1. e4 g6 2. d4 Bg7 3. Nc3 d6 4. Nf3 Nf6 5. Bd3 O-O 6. O-O c5 7. dxc5 dxc5 8.
Bc4 h6 9. Qd2 Qxd2 10. Bxd2 a6 11. Be3 Nc6 12. Bxc5 b5 13. Bd5 Nxd5 14. Nxd5
Bxb2 15. Bxe7 Bxa1 16. Bxf8 Kxf8 17. Rxa1 Bb7 18. Rd1 Rd8 19. Ne3 Rxd1+ 20.
Nxd1 Nb4 21. Nc3 Nxc2 22. Kf1 b4 23. Na4 Bxe4 24. Nc5 Bd5 25. Nxa6 Bc4+ 26. Kg1
Bxa6 27. Nd2 Nd4 28. f3 Ne2+ 29. Kf2 Nc1 30. Ke3 Nxa2 31. Kd4 Nc1 32. Nc4 b3
33. Nb2 Bc8 34. h3 Be6 35. Ke5 Ke7 36. Na4 Nd3+ 37. Ke4 b2 38. Nc3 Bf5+ 39. Ke3
Nb4 40. g4 b1=Q 41. Nxb1 Bxb1 42. h4 f5 43. gxf5 gxf5 44. f4 Nd5+ 45. Kf3 h5
46. Kg3 Be4 47. Kf2 Nxf4 48. Ke3 Ng2+ 49. Kf2 Nxh4 50. Kg3 Nf3 51. Kh3 Kf6 52.
Kg3 Kg5 53. Kf2 Kg4 54. Kf1 Kg3 55. Ke2 h4 56. Ke3 h3 57. Ke2 h2 58. Kd1 h1=Q+
59. Ke2 Qe1# 0-1

[Event "26.Schlosspark-Open"]
[Site "Wiesbaden-Biebrich"]
[Date "2014.08.31"]
[Round "7.86"]
[White "Kunisch, Nina"]
[Black "Wachsmann, Elmar"]
[Result "1-0"]
[WhiteElo "1249"]
[BlackElo "1029"]
[PlyCount "110"]
[EventDate "2014.??.??"]
[WhiteTeam "TV-Großostheim 1900 e.V."]
[BlackTeam "SC Groß-Umstadt"]

1. e4 e5 2. Nf3 Nc6 3. Bb5 Nge7 4. O-O g6 5. c3 Bg7 6. d4 O-O 7. Bg5 exd4 8.
cxd4 d5 9. e5 Bg4 10. Be2 Qd7 11. Nc3 Qf5 12. Bxe7 Nxe7 13. Nh4 Qg5 14. Bxg4
Qxh4 15. Bf3 Rfd8 16. g3 Qh6 17. Qb3 c6 18. Qxb7 Bf8 19. Qb3 Rab8 20. Qc2 Nf5
21. Rfd1 Rb7 22. b3 Rb4 23. Ne2 Rc8 24. Qc1 Qg7 25. Bxd5 Rbb8 26. Be4 c5 27.
Bxf5 gxf5 28. Qe3 cxd4 29. Nxd4 Rc5 30. Nxf5 Qxe5 31. Qxe5 Rxe5 32. Ne3 Bg7 33.
Rac1 Bh6 34. Ng4 Bxc1 35. Nxe5 Bb2 36. Nc6 Rb7 37. Na5 Re7 38. Nc6 Rc7 39. Nb4
Kg7 40. Nd3 Bf6 41. Nb4 Be7 42. Nd5 Rd7 43. Ne3 Rb7 44. Nf5+ Kf6 45. Nxe7 Kxe7
46. h4 Rc7 47. Rd2 Ke6 48. Kg2 Rc3 49. Re2+ Kf6 50. Kf1 Rd3 51. Ke1 a5 52. Rc2
Rd5 53. Rc6+ Kg7 54. Ke2 Re5+ 55. Kf3 f6 1-0

[Event "26.Schlosspark-Open"]
[Site "Wiesbaden-Biebrich"]
[Date "2014.08.31"]
[Round "7.87"]
[White "Börkey, Pierre"]
[Black "Gießelbach, Christian"]
[Result "1-0"]
[WhiteElo "987"]
[BlackElo "1147"]
[PlyCount "83"]
[EventDate "2014.??.??"]
[WhiteTeam "Wiesbadener SV 1885"]
[BlackTeam "SAbt TuS Dotzheim"]

1. e4 c6 2. d4 d5 3. e5 Bf5 4. Nf3 e6 5. Nc3 Nd7 6. Be2 c5 7. Be3 cxd4 8. Bxd4
Bc5 9. Bxc5 Nxc5 10. O-O Ne7 11. Bb5+ Nc6 12. Bxc6+ bxc6 13. Nd4 Qb6 14. Nb3
O-O 15. Rc1 d4 16. Qxd4 Nxb3 17. Qxb6 axb6 18. cxb3 Rfd8 19. Rfd1 h6 20. Rxd8+
Rxd8 21. Rd1 Rxd1+ 22. Nxd1 Bb1 23. a3 Ba2 24. b4 b5 25. Nc3 Bc4 26. f4 g5 27.
g3 Kg7 28. fxg5 hxg5 29. Kf2 Kg6 30. g4 f6 31. exf6 Kxf6 32. Ke3 Bf1 33. Ne4+
Kg6 34. Kd4 Bh3 35. Nf2 Bg2 36. Ke5 Bd5 37. Nd3 Kf7 38. Nc5 Bc4 39. Kd6 Bd5 40.
Nd7 Bf3 41. Ne5+ Kf6 42. Nxf3 1-0

[Event "26.Schlosspark-Open"]
[Site "Wiesbaden-Biebrich"]
[Date "2014.08.31"]
[Round "7.88"]
[White "Jahraus, Marlis"]
[Black "Schreer, Maxima"]
[Result "1-0"]
[WhiteElo "1124"]
[BlackElo "880"]
[PlyCount "53"]
[EventDate "2014.??.??"]
[WhiteTeam "SC Untergrombach 46"]
[BlackTeam "SF 1891 Friedberg"]

1. e4 e5 2. Nf3 Nc6 3. Bb5 Bd6 4. O-O Nf6 5. Re1 O-O 6. d4 Re8 7. d5 Nd4 8.
Nxd4 exd4 9. Qxd4 Be5 10. Qd3 c6 11. Bc4 d6 12. f4 Qb6+ 13. Be3 Qxb2 14. fxe5
Qxe5 15. Bd4 Qg5 16. Bxf6 Qxf6 17. Nd2 b5 18. Bb3 Bb7 19. Rf1 Qg6 20. dxc6 Re7
21. cxb7 Rxb7 22. Bd5 Rab8 23. Bxb7 Rxb7 24. Rab1 a6 25. Qd5 Rc7 26. Qa8+ Rc8
27. Qxc8# 1-0

[Event "26.Schlosspark-Open"]
[Site "Wiesbaden-Biebrich"]
[Date "2014.08.31"]
[Round "7.89"]
[White "Fey, Karl-Heinz"]
[Black "Thybo, Jan"]
[Result "0-1"]
[WhiteElo "889"]
[BlackElo "1347"]
[PlyCount "74"]
[EventDate "2014.??.??"]
[WhiteTeam "SC 1926 Haßloch"]
[BlackTeam "Morso Skak Klub"]

1. Nf3 Nf6 2. c4 g6 3. Nc3 Bg7 4. e4 d6 5. d4 O-O 6. Be2 Na6 7. O-O c5 8. d5
Rb8 9. a4 Nb4 10. Bg5 e6 11. e5 dxe5 12. Nxe5 Qd6 13. f4 Nd7 14. Nb5 Qa6 15.
Nxd7 Bxd7 16. Rb1 f6 17. dxe6 Bxb5 18. cxb5 Qxe6 19. Bh4 f5 20. Re1 Qe3+ 21.
Bf2 Qxf4 22. Bg3 Qe3+ 23. Bf2 Qe4 24. Rc1 Kh8 25. Bxc5 Rfd8 26. Qb3 Bd4+ 27.
Kh1 Bxc5 28. Rxc5 Rd3 29. Qc4 Rd4 30. Qc3 Rbd8 31. Rc4 Na2 32. Bd3 Nxc3 33.
Bxe4 Nxe4 34. Rcc1 Rxa4 35. g3 Rb4 36. Rcd1 Nf2+ 37. Kg1 Nxd1 0-1